| 000 | 00997cam a22002895i 4500 | ||
|---|---|---|---|
| 001 | 834133 | ||
| 003 | EG-ScBUE | ||
| 005 | 20250218100054.0 | ||
| 008 | 710325s1970 njuk f b 001 0 eng d | ||
| 020 | _a0691080798 | ||
| 020 | _a9780691080796 | ||
| 040 |
_aEG-ScBUE _beng _erda _cEG-ScBUE _dEG-ScBUE |
||
| 082 | 0 | 4 |
_a515.82433 _bSTE _222 |
| 100 | 1 |
_aStein, Elias M., _d1931-2018, _938225 _eauthor. |
|
| 245 | 1 | 0 |
_aSingular integrals and differentiability properties of functions / _cElias M. Stein. |
| 264 | 1 |
_aPrinceton, New Jersey : _bPrinceton University Press, _c1970. |
|
| 300 |
_axiv, 287 pages : _bforms ; _c24 cm. |
||
| 490 | 0 |
_aPrinceton mathematical series ; _v30 |
|
| 500 | _aIncludes Appendices. | ||
| 504 | _aIncludes bibliographical references and index. | ||
| 650 | 7 |
_aFunctions of real variables. _2BUEsh _97013 |
|
| 650 | 7 |
_aHarmonic analysis. _2BUEsh |
|
| 650 | 7 |
_aSingular integrals. _2BUEsh |
|
| 653 |
_bENGGEN _cJuly2015 |
||
| 655 | _vReading book | ||
| 942 |
_2ddc _cBB |
||
| 999 |
_c20275 _d20247 |
||